000 00859cab a2200205 4500
001 ##L133491
008 060512n2006 000 0 eng u
035 _a(Sirsi) u133491
041 0 _aeng
100 1 _aShepherd, Mark
245 0 0 _aOut of the loop
260 _c2006
490 0 _aProperty Week
_v71(19) 12 May 2006, 68-69(2)
520 _aReports on the growing trend for surveyors to bypass solicitors and seek legal advice directly from barristers. Sets out opinions from top solicitors and barristers.
590 _aIKA230506
650 2 4 _aDIRECT PROFESSIONAL ACCESS TO BARRISTERS : GUIDANCE NOTES TO ASSIST RICS MEMBERS IN THE USE OF DIRECT ACCESS TO BARRISTERS IN ENGLAND AND WALES
651 4 _aEngland and Wales
_y1543-
690 _aMANAGEMENT-DISPUTE AVOIDANCE, MANAGEMENT AND RESOLUTION-DISPUTE MANAGEMENT AND RESOLUTION
942 _n0
999 _c77039
_d77039